000 00637nam a2200205 a 4500
005 20140310183213.0
008 000524s19uu xx 00 eng d
020 _a9780471148876
050 _aBF 637.C6
_b.Su85 1999
100 _aSue, Derald Wing
245 _aCounseling the culturally different :
_btheory and practice /
_cDerald Wing Sue and David Sue.
250 _a3rd ed.
260 _aNew York :
_bJohn Wiley & Sons,
_c1999.
300 _a368 p. :
_c26 cm.
500 _aIncludes bibliographical references and index.
521 _aPSYCH
650 _aCross-Cultural Counseling
942 _cBK
_2lcc
_kFOR
999 _c20183
_d20183